000 00654nam a22001937a 4500
999 _c164562
_d164562
005 20190522170700.0
010 _aUR-10136
020 _c300.00
_a9789387539839
035 _aU-8691
037 _bDBAD/PUB
082 _a841.8
100 _aمحمد محبو ب علی
245 _aمسکر ا ہٹيں
_cمحمد محبو ب علی
246 _bMuskurahatein (Urdu)
_aby Dr.Mohd.Mehboob Ali
260 _a Delhi
_bEducational Publishing House
_c2018 ء
270 _a3191،Vakil Street,Kucha Pandit,Lal Kuan,
_bDelhi
_e110006
_k23216162
_l00911123211540
300 _a112ص
_c22 Cm.(bk)
942 _2ddc
_cUR
_h841.8
_mم ح م